Statistics for Hard to Spell Countries/Capitals

Click here to take the quiz!

General Stats

  • This quiz has been taken 28 times
    (11 since last reset)
  • The average score is 12 of 18

Answer Stats

HintAnswer% Correct
Small country in Africa near YemenDjibouti
82%
Capital of MongoliaUlaanbaatar
82%
Capital of MadagascarAntananarivo
73%
Its capital is BakuAzerbaijan
73%
Asian country bordering Russia to the southKazakhstan
73%
Small European country (Capital: Vaduz)Liechtenstein
73%
Capital of SloveniaLjubljana
73%
Capital of EswatiniMbabane
73%
Capital of ChadN'Djamena
73%
Capital of Burkina FasoOuagadougou
73%
Capital of CambodiaPhnom Penh
73%
Capital of IcelandReykjavik
73%
Known as Ivory Coast in EnglishCote d'ivoire
64%
Capital of PalauNgerulmud
64%
Capital of HondurasTegucigalpa
64%
One of South Africa's capitalsBloemfontein
45%
Capital of Sri LankaSri Jayawardenepura Kotte
45%
Capital of Ivory CoastYamoussoukro
45%

Score Distribution

Percentile by Number Answered

Percent of People with Each Score

Your Score History

You have not taken this quiz since the last reset